Uso ético das novas tecnologias no sector financereiro. (Record no. 2222)

MARC details
000 -Etiqueta do registo
Campo de controlo de comprimento fixo 00493 a2200157 4500
040 ## - Fonte de Catalogação
Agência de catalogação Biblioteca de Posgraduação- Universidade Lusíada de Angola
082 ## - DEWEY DECIMAL CLASSIFICATION NUMBER
Classificador- CDU 043.2/CAB/U 658.3/CAB/U
Prateleira/Colocação 3
100 ## - Nome Pessoal
9 (RLIN) 1048
Autor CABANGA,Celma silvia Armando
245 ## - Declaração de Título
Título Uso ético das novas tecnologias no sector financereiro.
Complemento de título Proposta de capacitação
250 ## - Indicação da edição
Edição 1ª Edição
300 ## - Descrição Física
Nº Pág. 88p.
600 #0 - Nome pessoal
Autor CABANGA,Celma silvia Armando
650 ## - MATERIA
MATERIA Teses académicas
-- Relações humanas
700 ## - Entrada secundária - Nome pessoal
Autor Celma Silvia Armando Cabanga
942 ## - - Elementos de entrada adicionados (koha)
Tipo de documento Dissertações de Grado e Mestrado
Holdings
Withdrawn status Lost status Source of classification or shelving scheme Damaged status Not for loan Permanent Location Current Location Date acquired Total Checkouts Full call number Date last seen Price effective from Koha item type
    Dewey Decimal Classification     Biblioteca de Posgraduação- Universidade Lusíada de Angola Biblioteca de Posgraduação- Universidade Lusíada de Angola 23/04/2026   043.2/CAB/U 658.3/CAB/U 23/04/2026 23/04/2026 Dissertações de Grado e Mestrado
    Dewey Decimal Classification     Biblioteca de Posgraduação- Universidade Lusíada de Angola Biblioteca de Posgraduação- Universidade Lusíada de Angola 23/04/2026   043.2/CAB/U 658.3/CAB/U 23/04/2026 23/04/2026 Dissertações de Grado e Mestrado
    Dewey Decimal Classification     Biblioteca de Posgraduação- Universidade Lusíada de Angola Biblioteca de Posgraduação- Universidade Lusíada de Angola 24/04/2026   043.2/CAB/U 658.3/CAB/U 24/04/2026 24/04/2026 Dissertações de Grado e Mestrado